| 000 | 00385nam a2200169Ia 4500 | ||
|---|---|---|---|
| 001 | 15014 | ||
| 003 | IVS | ||
| 005 | 20250626030218.0 | ||
| 008 | 211022s9999 xx 000 0 und d | ||
| 040 | _cMAL | ||
| 082 | _a946.43 /CAM | ||
| 100 | _aPayo, Juan Campos | ||
| 245 | 0 | _aThis is TOLEDO : History Mounuments Legends | |
| 260 | _c2002 | ||
| 300 | _a110 pages | ||
| 942 |
_cBK _n0 _2ddc |
||
| 999 |
_c8425 _d8425 |
||